000 00499nam a2200157Ia 4500
999 _c20262
_d20262
003 OSt
005 20200708150628.0
008 190216s9999||||xx |||||||||||||| ||und||
040 _coclc
082 _a335.4119
_bBER/W
100 _aBerbeshkina, Zoya
_93681
245 0 _aWhat Is Historical Materialism /
_cZoya Berbeshkina ; Yakovleva L ; Zerkin D
260 _bProgress Publishers,
_c1985.
_aMoscow:
300 _a294p
942 _cBK
_2ddc
_h335.4119
_iBER/W
_k335.4119
_mBER/W